[Event "Wch FIDE Online U14 Girls Asia qual"]
[Site "Tornelo INT"]
[Date "2020.12.12"]
[Round "5"]
[White "Karataikyzy, Meirzhan"]
[Black "Saadatmandi, Elina"]
[Result "1-0"]
[WhiteElo "1683"]
[BlackElo "1531"]
[PlyCount "47"]
[EventDate "2020.12.11"]
[EventType "swiss (rapid)"]
[EventRounds "7"]
[EventCountry "ISS"]
[SourceTitle "EXT 2022"]
[Source "ChessBase"]
[SourceDate "2021.10.06"]
[SourceVersion "1"]
[SourceVersionDate "2021.10.06"]
[SourceQuality "1"]

1. e4 Nf6 2. e5 Nd5 3. d4 d6 4. c4 Nb6 5. Nf3 Nc6 6. Nc3 dxe5 7. d5 Nb8 8. Nxe5 N8d7 9. Nxd7 Bxd7 10. Be3 e6 11. Be2 Bb4 12. 0-0 0-0 13. Rc1 exd5 14. c5 Bxc3 15. cxb6 Be5 16. Qxd5 Re8 17. bxc7 Bxc7 18. Qxb7 Rc8 19. Rfd1 Qh4 20. Rxc7 Rxc7 21. Qxc7 Bg4 22. Bxg4 Qxg4 23. Rd8 Rf8 24. Rxf8+ 1-0